| 000 | 00711nam a2200217Ia 4500 | ||
|---|---|---|---|
| 003 | GCL | ||
| 008 | 140319s9999 xx 000 0 ara d | ||
| 040 |
_aGCL / _cGCL |
||
| 082 | 0 | 4 |
_a953.8 _bا ت |
| 100 | 1 | _aاحمد مصطفى حاكمة | |
| 245 | 1 | 0 |
_aتاريخ الكويت الحديث 1163 - 1385 هـ \ 1750 - 1965 م / _cاحمد مصطفى حاكمة |
| 260 |
_a[S.N] : _bذات السلاسل للطباعة والنشر ، _c1984 |
||
| 300 | _a457 ص | ||
| 490 | _a | ||
| 650 | 0 | 4 | _aالعصر الحديث |
| 650 | 0 | 4 | _aالكويت |
| 650 | 0 | 4 | _aتاريخ |
| 650 | 0 | 4 | _aصباح الاول (1718 - 1965) |
| 650 | 0 | 4 | _aعبدالله السالم الصباح (1950 - |
| 942 |
_2ddc _cBK |
||
| 999 |
_c31041 _d31041 |
||